Top Singers of the 2010s by the Picture - Statistics

General Stats
  • This quiz has been taken 39 times
  • The average score is 14 of 16
Answer Stats
Picture Answer % Correct
Justin Bieber
100%
Ariana Grande
97%
Beyonce
97%
Ed Sheeran
97%
Rihanna
97%
Taylor Swift
97%
Adele
94%
Katy Perry
94%
The Weeknd
94%
Bruno Mars
91%
Drake
91%
Lady Gaga
88%
Nicki Minaj
85%
Lorde
76%
Lana Del Rey
61%
Kendrick Lamar
42%
No matching quizzes found
Score Distribution
Percent of People with Each Score
Percentile by Number Answered
Your Score History
You have not taken this quiz